Я помню рейд и помню корабли... (Запись № 12396782)

Подробности
000 -МАРКЕР
контрольное поле 03617nam0a2200361 4500
001 - ИДЕНТИФИКАТОР ЗАПИСИ
контрольное поле RU\NLR\BIBL_A\012841337
005 - ИДЕНТИФИКАТОР ВЕРСИИ
контрольное поле 20221019170502.0
010 ## - МЕЖДУНАРОДНЫЙ СТАНДАРТНЫЙ НОМЕР КНИГИ (ISBN)
Номер (ISBN) 978-5-6046346-9-1
Тираж 200
021 ## - НОМЕР ГОСУДАРСТВЕННОЙ РЕГИСТРАЦИИ
Код страны Российская Федерация
Номер КН-П-22-025513
Номер Листа государственной регистраци КН-П-22-2185
035 ## - ДРУГИЕ СИСТЕМНЫЕ НОМЕРА
Идентификатор записи (NLR Aleph) 012841337
035 ## - ДРУГИЕ СИСТЕМНЫЕ НОМЕРА
Идентификатор записи (RuMoRGB)011050144
100 ## - ДАННЫЕ ОБЩЕЙ ОБРАБОТКИ
Данные общей обработки 20220706d2022 u y0rusy50 ca
101 0# - ЯЗЫК РЕСУРСА
Язык текста, звукозаписи и т.д. русский
102 ## - СТРАНА ПУБЛИКАЦИИ ИЛИ ПРОИЗВОДСТВА
Страна публикации Российская Федерация
105 ## - ПОЛЕ КОДИРОВАННЫХ ДАННЫХ: ТЕКСТОВЫЕ МАТЕРИАЛЫ, МОНОГРАФИЧЕСКИЕ
Кодированные данные о монографическом текстовом документе ach z 000zy
181 #0 - ПОЛЕ КОДИРОВАННЫХ ДАННЫХ: ВИД СОДЕРЖАНИЯ
Код вида содержания (ISBD) i3
Код характеристики содержания (ISBD) axxe
182 #0 - ПОЛЕ КОДИРОВАННЫХ ДАННЫХ: ТИП СРЕДСТВА
Код типа средства (ISBD) n - непосредственное
200 1# - ЗАГЛАВИЕ И СВЕДЕНИЯ ОБ ОТВЕТСТВЕННОСТИ
Основное заглавие Я помню рейд и помню корабли...
Сведения, относящиеся к заглавию воспоминания протодиакона Бориса Пузанова
Первые сведения об ответственности подготовка текста, предисловие и комментарии В. Н. Струниной и К. И. Финкельштейна
Последующие сведения об ответственности редактор-составитель Виктория Струнина
-- Всероссийское общество охраны памятников истории и культуры
203 ## - ВИД СОДЕРЖАНИЯ И ТИП СРЕДСТВА
Вид содержания Текст
Дополнительные сведения об издании визуальный
Тип средства непосредственный
210 ## - ПУБЛИКАЦИЯ, РАСПРОСТРАНЕНИЕ И ДР.
Место издания, распространения и т.д. Симферополь
Имя издателя, распространителя и т. д. Фирма "Салта"
Дата издания, распространения и т.д. 2022
215 ## - ФИЗИЧЕСКАЯ ХАРАКТЕРИСТИКА
Специфическое обозначение материала и объем 223 с.
Другие сведения о физической характеристике ил, цв. ил., портр., факс.
Размеры 24
320 ## - ПРИМЕЧАНИЯ О НАЛИЧИИ В ДОКУМЕНТЕ БИБЛИОГРАФИИ / УКАЗАТЕЛЯ
Текст примечания Библиогр. в подстроч. примеч.
330 ## - РЕЗЮМЕ ИЛИ РЕФЕРАТ
Текст примечания Воспоминания протодиакона Бориса Ильича Пузанова публикуются по машинописной рукописи, хранящейся в его фонде в Бахметьевском архиве русской и восточноевропейской истории и культуры Отдела редких книг и рукописей Колумбийского университета (Нью-Йорк, США). Приводятся неизвестные ранее сведения, дополняющие картину патриархальной Евпатории конца XIX -начала XX века, рассказано об учёбе на юридическом факультете Харьковского Императорского университета и работе в Одесском судебном округе. Б.И. Пузанов как судебный следователь по важнейшим делам расследовал события 1918 года, когда местные большевики и высадившийся в Евпатории десант севастопольских матросов и портовых рабочих учинили бессудные кровавые расправы. Во введении даны материалы об увековечении памяти погибших и биографические сведения об авторе воспоминаний, в приложениях-материалы архивов, старинных изданий и редкие фотографии. Издание посвящено 140-летию протодиакона Бориса Пузанова и адресовано изучающим историю России
333 ## - ПРИМЕЧАНИЯ ОБ ОСОБЕННОСТЯХ РАСПРОСТРАНЕНИЯ И ИСПОЛЬЗОВАНИЯ
Текст примечания 18+
606 1# - НАИМЕНОВАНИЕ ТЕМЫ КАК ПРЕДМЕТ
Наименование темы Гражданская война и военная интервенция в России
Формальный подзаголовок Источники и источниковедение
Географический подзаголовок Крым
Хронологический подзаголовок 1918 - 1920
Системный номер авторитетной/нормативной записи 2300038
Идентификатор авторитетной/нормативной записи RU\NLR\AUTH\661377083
686 1# - ИНДЕКСЫ ДРУГИХ КЛАССИФИКАЦИЙ
Индекс Т3(2)712.312,01
686 1# - ИНДЕКСЫ ДРУГИХ КЛАССИФИКАЦИЙ
Индекс Ц35(2)712(2Р-6Крм)
700 #1 - ИМЯ ЛИЦА - ПЕРВИЧНАЯ ОТВЕТСТВЕННОСТЬ
Начальный элемент ввода Пузанов
Часть имени, кроме начального элемента ввода Б. И.
Даты 1882-1972
Расширение инициалов личного имени Борис Ильич
942 ## - ДОПОЛНИТЕЛЬНЫЕ ЭЛЕМЕНТЫ ЗАПИСИ (АБИС)
Тип экземпляра АБИС Книга
980 ## - КОЛЛЕКЦИЯ
Название коллекции Национальная библиография
Экземпляры
Тип экземпляра Дата поступления Источник поступления Стоимость Библиотека постоянного хранения Библиотека текущего хранения Место хранения Шифр хранения Штрих-код Статус экземпляра
Книга 06.07.2022 Обязательный экземпляр 0.00 РНБ (Московский) РНБ (Московский) Русский книжный фонд: издания с 1957 года 2022-7/4945 1-3824819  
Книга 06.07.2022 Обязательный экземпляр 0.00 РНБ (Московский) РНБ (Московский) Русский книжный фонд: издания с 1957 года 2022-7/4945 1-3824820